Normale Ansicht MARC-Ansicht ISBD

Before Banks (Titelsatznr. 72977)

[ MARC ]
MARC-Details
000 -Satzkennung
Kontrollfeld mit fester Länge 01323namaa2200313 cb4500
001 - Kontrollnummer
Kontrollfeld BV005305351
003 - Kontrollnummer Identifier
Kontrollfeld DE-70
005 - Datum und Zeit der letzten Transaktion
Kontrollfeld 20251007170119.0
006 - Datenelemente mit fester Länge - Weitere Materialmerkmale
Kontrollfeld mit fester Länge m|||| o||u| ||||||
007 - Feld mit fester Länge zur physischen Beschreibung - Allgemeine Information
Kontrollfeld mit fester Länge tu
007 - Feld mit fester Länge zur physischen Beschreibung - Allgemeine Information
Kontrollfeld mit fester Länge 7
008 - Feld mit fester Länge zur physischen Beschreibung - Allgemeine Angaben
Kontrollfeld mit fester Länge 920527s1980 a||| |||| 00||| und d
020 ## - Internationale Standardbuchnummer
Internationale Standardbuchnummer 9781009502634
Verknüpfung 978-1-009-50263-4
024 ## - Anderer Standardidentifier
Standardnummer oder Code 9781009502634
-- 978-1-009-50263-4
040 ## - Katalogisierungsquelle
Übertragungsstelle RU-10907106
041 ## - Sprachcode
Sprachcode des Textes/der Tonspur oder des separaten Titels eng
100 ## - Haupteintragung - Personenname
Personenname Dermineur, Elise M.
Funktionsbezeichnungscode aut
Koha-Normdatenidentnummer 67243
245 ## - Titel
Titel Before Banks
Zusatz zum Titel The Making of Credit and Debt in Preindustrial France
Verfasserangabe etc. Elise M. Dermineur
264 ## - Produktion, Veröffentlichung, Distribution, Herstellung und Urheberrechtsvermerk
Herstellungs-, Veröffentlichungs- Vertriebs-, Erzeugungsort Cambridge
Produzent, Herausgeber, Distributor, Hersteller Cambridge University Press
Datum der Herstellung, der Veröffentlichung, des Vertriebs oder des Urheberschutzvermerks 2025
300 ## - Physische Beschreibung
Umfang 278 Seiten
336 ## - Inhaltstyp
Quelle rdacontent
Inhaltstypterm Text
Inhaltstypcode txt
337 ## - Medientyp
Quelle rdamedia
Bezeichnung des Medientyps Computermedien
Medientypcode bc
338 ## - Datenträgertyp
Quelle rdacarrier
Datenträgertypbezeichnung Online Ressource
Datenträgertypcode cr
490 ## - Gesamttitelangabe
Gesamttitelangabe Cambridge Studies in Economic History - Second Series
500 ## - Allgemeine Fußnote
Allgemeine Fußnote E-Book / Zugriff nur im Lesesaal
520 ## - Fußnote zu Zusammenfassungen usw.
Fußnote zur Zusammenfassung usw. Introduction; 1. The setting: mutual arrangements in small communities in the south of Alsace 1650 - 1790; 2. Peer-to-peer lending in non-intermediated credit markets; 3. Intermediated credit: notarial contracts; 4. Women and credit; 5. Insolvency and default; 6. The growing institutionalization of credit; Epilogue: the community of advantage.
856 ## - Elektronische Adresse und Zugriff
OPAC-Notiz Volltext
URL <a href="https://doi.org/10.1017/9781009502634">https://doi.org/10.1017/9781009502634</a>
942 ## - Zusätzliche Felder (Koha)
Koha-Medientyp E-Books
Klassifikation oder Aufstellungssystematik Andere/Generische Klassifikation
Exemplare
Ausgeschieden Verloren Klassifikation oder Aufstellungssystematik Beschädigt Nicht entleihbar Heimatbibliothek Aufenthaltsbibliothek Aufstellungsort Erwerbungsdatum Inventarnummer Signatur Barcode Letzte Aktivität Preis gültig von Koha-Medientyp
    Andere/Generische Klassifikation     MWN Osteuropa MWN Osteuropa Online-Ressource 06/10/2025 25-e01003 E-25-e01003 75894 06/10/2025 06/10/2025 E-Books